Jinete en la lluvia

-д хадгалсан:
Номзүйн дэлгэрэнгүй
Үндсэн зохиолч: García y Meguillanes, Pablo (Зохиогч)
Формат: Ном
Хэл сонгох:испани
Хэвлэсэн: Santiago Andrés Bello 1983
Нөхцлүүд:
Шошгууд: Шошго нэмэх
Шошго байхгүй, Энэхүү баримтыг шошголох эхний хүн болох!

MARC

LEADER 00000nam a2200000 a 4500
001 UCN5966
003 CL-VaPUC
008 010913e19830000CL |||||||||||||||||spa|d
082 0 4 |a Ch863  |b GAR  |2 21 
100 |a García y Meguillanes, Pablo  |e author  |9 461694 
245 1 0 |a Jinete en la lluvia 
300 |a 509 p 
942 |c BK 
945 |d 20010913 00:00:00  |a vberengu 
260 |a Santiago  |b Andrés Bello  |c 1983 
650 0 |a Novelas chilenas   |9 265425 
650 0 |a Literatura chilena   |9 308278 
583 |a last modification  |c 20010913 00:00:00  |k Rodrigo Vera 
999 |c 297066  |d 297064 
952 |0 0  |1 0  |4 0  |6 CH_863_000000000000000_GAR_1983  |7 0  |8 A  |9 351467  |a BIBEDU  |b BIBEDU  |c ES_NOD  |d 2019-11-21  |i 3750337  |o Ch863 GAR 1983  |p 3750337  |r 2023-08-09  |w 2019-11-21  |y BK  |k LIT